Science Quiz

Random Science or Biology Quiz

Parts of the Brain Quiz Stats

 Plays Quiz Updated Jan 30, 2016

Also try: Human Bones
Challenge
Share
Tweet
Score 0/5 Timer 01:00
50 Plays Today
% Correct
Frontal lobe
93.7%
Parietal lobe
80.1%
Temporal lobe
79.1%
Occipital lobe
77.7%
Cerebellum
73.6%

You're not logged in!

Compare scores with friends on all Sporcle quizzes.
Join for Free
OR
Log In

You Might Also Like...

Show Comments

Extras

Top Quizzes Today


Score Distribution

Your Account Isn't Verified!

In order to create a playlist on Sporcle, you need to verify the email address you used during registration. Go to your Sporcle Settings to finish the process.

Report this User

Report this user for behavior that violates our Community Guidelines.

Details: